Development of materials science in research and education. DMS - RE 2009 : Proceedings of the 19th joint seminar, August 31 - September 4, 2009, Závažná Poruba

Gespeichert in:
Bibliographische Detailangaben
Format: Buch
Sprache:Englisch
Veröffentlicht: Slovak Society for Industrial Chemistry, 2009
Schlagworte:
Tags: Tag hinzufügen
Keine Tags, Fügen Sie das erste Tag hinzu!

MARC

LEADER 00000nam a22000003a 4500
001 stu190512
005 20141123044236.2
008 090923s2009------------------------eng-d
020 |a 978-80-89088-81-2 
040 |a STU  |b slo 
041 0 |a eng 
245 |a Development of materials science in research and education. DMS - RE 2009 :  |b Proceedings of the 19th joint seminar, August 31 - September 4, 2009, Závažná Poruba 
260 |b Slovak Society for Industrial Chemistry,  |c 2009 
300 |a 91 s 
650 7 |a materiálové vedy  |2 stusub 
996 |b 284M071057  |c M*Z-3518  |l MMKN  |s A  |a 24  |w stu190512_0001 
996 |b 284M071056  |c M*Z-3517  |l MMKN  |s A  |a 24  |w stu190512_0002